000 01129nas a22002895a 4500
005 20170401112003.0
008 090526c19949999cr qrzp 0 b spa d
022 _a1022-7482
040 _aCO-BoBLA
_cCO-BoBLA
_dCO-BoIAVH
041 0 _aspa
044 _acr
090 _aSE-
245 1 0 _aAgroforestería en las Américas
260 _aTurrialba, Costa Rica :
_bCatie,
_c1994-
300 _bilustraciones a color, tablas y gráficas ;
_c28 cm.
310 _aq
500 _aTítulo de la cubierta.
504 _aIncluye referencias bibliográficas.
650 2 6 _aReforestación
_zAmérica Latina
_vPublicaciones periódicas
650 2 6 _aRecursos forestales
_xConservación de los recursos
_vPublicaciones periódicas
650 2 6 _aRecursos forestales
_xPlantaciones
_vPublicaciones periódicas
650 2 6 _aAgronomía
_vPublicaciones periódicas
650 2 6 _aSistemas agroforestales
_vPublicaciones periódicas
651 6 _aCosta Rica
_vPublicaciones periódicas
710 2 _aCentro Agronómico Tropical de Investigación y Enseñanza
942 _2z
_cREVISTA
_s1
999 _c16667
_d16667